US Presidents by face (Hard) - Statistics

General Stats
  • This quiz has been taken 35 times
    29 since last reset
  • The average score is 17 of 23
Answer Stats
Picture Answer % Correct
Barack Obama
100%
Donald Trump
100%
John F Kennedy
100%
Bill Clinton
95%
George Washington
95%
Ronald Reagan
95%
William Howard Taft
95%
Lyndon B Johnson
90%
Franklin D Roosevelt
86%
Joe Biden
86%
Calvin Coolidge
81%
George H. W. Bush
81%
Chester A Arthur
76%
George Bush
76%
Harry S Truman
76%
Gerald Ford
71%
John Tyler
71%
Richard Nixon
67%
John Quincy Adams
57%
Abraham Lincoln
48%
Jimmy Carter
43%
Dwight D Eisenhower
29%
Rutherford B Hayes
29%
No matching quizzes found
Score Distribution
Percent of People with Each Score
Percentile by Number Answered
Your Score History
You have not taken this quiz since the last reset